LEADER 01028nam0-22003491i-450 001 990005069100403321 005 20170918113724.0 035 $a000506910 035 $aFED01000506910 035 $a(Aleph)000506910FED01 035 $a000506910 100 $a19990604g19659999km-y0itay50------ba 101 2 $ager$agrc 102 $aDE 105 $af-------00--- 200 1 $aReitkunst$fXenophon$gGriechisch und Deutsch von Klaus Widdra 210 $aBerlin$cAkademie$d1965 215 $a116 p., [2] c. di tav.$d25 cm 225 1 $aSchriften Quellen der alten Welt$v16 500 10$aDe re equestri$b$915729 610 0 $aSenofonte$aDe re equestri 610 0 $aEquitazione 676 $a798.2 700 0$aXenophon$f<427/26- ca. 353 a. C.>$075253 702 1$aWiddra,$bKlaus 801 0$aIT$bUNINA$gRICA$2UNIMARC 901 $aBK 912 $a990005069100403321 952 $aP2B 610 XENOPH 403A 1965$bBibl. 42.879$fFLFBC 959 $aFLFBC 996 $aDe re equestri$915729 997 $aUNINA LEADER 00914nam0-2200289 --450 001 9910171459703321 005 20170522160507.0 010 $a978-88-222-6158-8 100 $a20170522d2012----kmuy0itay50 ba 101 0 $aita 102 $aIT 105 $a 001yy 200 1 $aTeatro e festività nella Napoli aragonese$fCristiana Anna Addesso 210 $aFirenze$cOlschki$d2012 215 $aIX, 170 p.$d24 cm 225 1 $aBiblioteca dell'Archivum Romanicum.$hSerie 1$iStoria, letteratura, paleografia$v400 610 0 $aTeatro$aNapoli$aSec. 15. 610 0 $aFeste$aNapoli$aSec. 15. 676 $a945.73106$v22$zita 700 1 $aAddesso,$bCristiana Anna$0301780 801 0$aIT$bUNINA$gRICA$2UNIMARC 901 0$aBK 912 $a9910171459703321 952 0$a945.731 ADD 1$bDFM 19073$fFLFBC 959 0$aFLFBC 996 $aTeatro e festività nella Napoli aragonese$91140279 997 $aUNINA